Atlas geográfico de la república argentina [cd rom] /

Guardado en:
Formato: Libro
Publicado: Buenos Aires : Igm, 20011
Edición:8a. ed.
Etiquetas: Agregar Etiqueta
Sin Etiquetas, Sea el primero en etiquetar este registro!
LEADER 00396nam a22001335a 4500
001 CEM.cems011901
005 20070711180655.0
008 130507b######################000#0#####d
003 CEMS
082 0 4 |a CD912.82 
245 0 0 |a Atlas geográfico de la república argentina [cd rom] / 
250 |a 8a. ed. 
260 |a Buenos Aires :  |b Igm,  |c 20011 
859 |a CEMS  |b BIB. CEMS - 11 de abril  |h CD912.82  |i Ar37a8  |p 2083.44  |t Ej.1